000 01118nam0a22003011 4500
001 RU\NLR\INFOCOMM_223\5000043159
005 20250613093311.0
035 _a(NLR Aleph) 009198126
090 _a8672493
_c8672493
100 _a20100524d1980 |||y0rusy50 ca
101 1 _aslo
_crus
102 _aRU
_aSK
105 _aa ||||000|y
200 1 _aMoskva
_eStručný sprievodca
_fVladimír Černov
_g[Z ruštiny prel. Anna Šufliarska]
205 _aИзд. 2-е, испр. и доп.
210 _aΜ.
_aBratislava
_cProgress
_cŠport
_d1980
215 _a231 с., 1 отд. л. цв. план.
_cил., цв. план., цв. ил.
_d20 см
225 1 _aˆ"‰Progress" sprievodca
300 _aНа обороте тит. л.: Москва. Краткий путеводитель
300 _aНа пер. сост. не указан
686 _aД890(2-2М)я23
_2rubbk
700 1 _9z01790
_aČernov
_bV. T.
_gVladimir Timofeevič
_4070
790 1 _9z01700
_aČernov
_bV.
_gVladimír
_4070
801 1 _aRU
_bNLR
_c20100524
801 0 _aRU
_bNLR
_gPSBO
852 _aNLR
_jСл Слов-2/3459
942 _cBOOK
980 _aNB